Sbornik zadač po matematike dlja 8-10 klassov. : Posobije dlja učitelej srednej školy. /

Uložené v:
Podrobná bibliografia
Hlavní autori: Barybin, Konstantin Sergejevič (Author), Isakov, Andrej Konstantinovič (Author)
Médium: Kniha
Jazyk:Russian
Vydané: Moskva : Gosudarstvennoje učebno-pedagogičeskoje izdateľstvo Min. prosveščenija RSFSR, 1955
Vydanie:2. vyd.
Témy:
ISBN: (viaz.)
Fyzický popis: 205 s.
Tagy: Pridať tag
Žiadne tagy, Buďte prvý kto otaguje tento záznam!

MARC

LEADER 00000nam a2200000 a 4500
001 000027839
003 SVKK
005 19970820000000.0
008 970424s1955 ru e ruso
020 |a (viaz.) 
040 |a SVKKK  |b slo  |c SVKKK  |e AACR2 
041 0 |a rus 
044 |a ru  |c RU 
080 |a 51(075.3)(076)  |2 1997 
080 |a 371.3:51  |2 1997 
100 1 |a Barybin, Konstantin Sergejevič  |4 aut 
245 1 0 |a Sbornik zadač po matematike dlja 8-10 klassov. :  |b Posobije dlja učitelej srednej školy. /  |c Konstantin Sergejevič Barybin, Andrej Konstantinovič Isakov 
250 |a 2. vyd. 
260 |a Moskva :  |b Gosudarstvennoje učebno-pedagogičeskoje izdateľstvo Min. prosveščenija RSFSR,  |c 1955 
300 |a 205 s. 
653 0 |a matematika  |2 SVKKKPH 
653 0 |a úlohy  |2 SVKKKPH 
653 0 |a učebnice stredných škôl  |2 SVKKKPH 
655 7 |a učebnice  |2 SVKKKPH 
700 1 |a Isakov, Andrej Konstantinovič  |4 aut 
910 |a svkkk 
974 |a MI  |d 19970519 
974 |a PA  |d 19970611 
974 |a PA  |d 19970820 
998 |a BK 
090 |g SCKHL  |k Sklad Pribinova prízemie  |a IV.175103  |j 906355  |i 27839-10  |s Prezenčne